Odložená daň z príjmov v individuálnej účtovnej závierke podnikateľa
Guardado en:
| Autor principal: | |
|---|---|
| Formato: | Libro |
| Lenguaje: | eslovaco |
| Publicado: |
Bratislava
Iura Edition
2010
|
| Colección: | Ekonómia
|
| Materias: | |
| Etiquetas: |
Sin Etiquetas, Sea el primero en etiquetar este registro!
|
MARC
| LEADER | 00000nam a2200000 4500 | ||
|---|---|---|---|
| 001 | 0119958 | ||
| 005 | 20240502072336.0 | ||
| 020 | |a 978-80-8078-338-9 | ||
| 041 | 0 | |a slo | |
| 044 | |a SK | ||
| 245 | 1 | 0 | |a Odložená daň z príjmov |b v individuálnej účtovnej závierke podnikateľa |c Anna Šlosárová |
| 264 | 1 | |a Bratislava |b Iura Edition |c 2010 | |
| 300 | |a 87 s. [6,23 AH] | ||
| 490 | 1 | |a Ekonómia | |
| 830 | 0 | |a Ekonómia | |
| 610 | 2 | 0 | |a dane z príjmov |
| 610 | 2 | 0 | |a závierka účtovná |
| 610 | 2 | 0 | |a účtovanie |
| 610 | 2 | 0 | |a účtovníctvo |
| 100 | 1 | |a Šlosárová, Anna | |